5 Most Powerful Economic Empires of All Time - Statistics

General Stats
  • This quiz has been taken 357 times
  • The average score is 4 of 5
Answer Stats
year % global output Answer % Correct
circa 1870 21 British Empire
94%
circa 100 AD 25 - 30 Roman Empire
92%
circa 1950 50 United States
89%
circa 1200 AD 25 -30 Song Dynasty (China)
70%
circa 1700 AD 25 Mughal Empire
54%
No matching quizzes found
Score Distribution
Percent of People with Each Score
Percentile by Number Answered
Your Score History
You have not taken this quiz